Մանանայ / (Record no. 489082)
[ view plain ]
| 000 -LEADER | |
|---|---|
| fixed length control field | 00794nam a2200205 a 4500 |
| 003 - CONTROL NUMBER IDENTIFIER | |
| control field | AM-YeHGA |
| 040 ## - CATALOGING SOURCE | |
| Original cataloging agency | AM-YeHGA |
| 090 ## - LOCALLY ASSIGNED LC-TYPE CALL NUMBER (OCLC); LOCAL CALL NUMBER (RLIN) | |
| -- | 492453 |
| 001 - CONTROL NUMBER | |
| control field | 000298820 |
| 005 - DATE AND TIME OF LATEST TRANSACTION | |
| control field | 20250618075723.0 |
| 008 - FIXED-LENGTH DATA ELEMENTS--GENERAL INFORMATION | |
| fixed length control field | 040113s1876 tu r 000 0 arm d |
| 041 0# - LANGUAGE CODE | |
| Language code of text/sound track or separate title | arm |
| 100 1# - MAIN ENTRY--PERSONAL NAME | |
| Personal name | Սրվանձտյանց, Գարեգին Համազասպի, |
| Dates associated with a name | 1840-1892 |
| 9 (RLIN) | 3713 |
| 245 10 - TITLE STATEMENT | |
| Title | Մանանայ / |
| Statement of responsibility, etc. | Ժողովեաց եւ ի լոյս էած՝ Գ.Վ. Սրուանձտեանց. |
| 260 ## - PUBLICATION, DISTRIBUTION, ETC. | |
| Place of publication, distribution, etc. | Կ. Պօլիս : |
| Name of publisher, distributor, etc. | տպ. Ե.Մ. Տնտեսեան, |
| Date of publication, distribution, etc. | 1876. |
| 300 ## - PHYSICAL DESCRIPTION | |
| Extent | 456 էջ ; |
| Dimensions | 15 սմ. |
| 501 ## - WITH NOTE | |
| With note | Ալիգ. 2 : Կազմված է՝ Գ.Վ. Սրուանձտեանց՝ Շուշան Շաւարշանայ.-Կ. Պօլիս,1875 |
| 650 14 - SUBJECT ADDED ENTRY--TOPICAL TERM | |
| Topical term or geographic name entry element | Հայ գրականություն |
| General subdivision | Ժողովածու |
| 942 ## - ADDED ENTRY ELEMENTS (KOHA) | |
| Source of classification or shelving scheme | Universal Decimal Classification |
| Koha item type | Գրքեր / Books |
| Withdrawn status | Lost status | Source of classification or shelving scheme | Damaged status | Not for loan | Collection | Home library | Current library | Date acquired | Total checkouts | Full call number | Barcode | Date last seen | Price effective from | Koha item type | Public note |
|---|---|---|---|---|---|---|---|---|---|---|---|---|---|---|---|
| Universal Decimal Classification | Alpoiajian Individual Collection | Fundamental Scientific Library | Fundamental Scientific Library | 26/02/2019 | Ալպ/597 | FL0556021 | 26/02/2019 | 26/02/2019 | Գրքեր / Books | ILL Non-Circ |
ՀՀ Գիտությունների ազգային ակադեմիայի հիմնարար գիտական գրադարան = Fundamental Scientific Library of NAS RA
All site content, except where otherwise noted, is licensed under a